[Event "Asia Nations online Cup"]
[Site "Chess.com INT"]
[Date "2020.10.10"]
[Round "3.12"]
[White "Gameel, Mohamed"]
[Black "Maung, Maung Kyaw Zaw"]
[Result "1-0"]
[WhiteElo "2211"]
[BlackElo "2121"]
[PlyCount "125"]
[EventDate "2020.10.10"]
[EventType "team-swiss (rapid)"]
[EventRounds "9"]
[EventCountry "IND"]
[SourceTitle "CBM 198 Extra"]
[Source "ChessBase"]
[SourceDate "2020.11.30"]
[SourceVersion "1"]
[SourceVersionDate "2020.11.30"]
[SourceQuality "1"]
[WhiteTeam "Yemen"]
[BlackTeam "Myanmar"]
[WhiteTeamCountry "YEM"]
[BlackTeamCountry "MYA"]

1. d4 d5 2. Nf3 Nf6 3. g3 c6 4. Bg2 Bf5 5. 0-0 Nbd7 6. c4 e6 7. Nc3 Bd6 8. Qb3 Qc7 9. c5 Be7 10. Bf4 Qc8 11. Rac1 0-0 12. h3 h6 13. g4 Bh7 14. e3 Ne4 15. Nxe4 Bxe4 16. Qc3 f5 17. Ne5 Nxe5 18. Bxe5 Bxg2 19. Kxg2 Qe8 20. f3 Rd8 21. Kh2 Bf6 22. Bd6 Be7 23. Bg3 h5 24. gxf5 Rxf5 25. Be5 Bf6 26. f4 Bxe5 27. dxe5 Kh8 28. Rg1 d4 29. exd4 Qf7 30. Qg3 Rxf4 31. Rc2 Rfxd4 32. Rf2 Rd2 33. Rgg2 Rxf2 34. Rxf2 Qe8 35. Qg5 Kg8 36. b4 Rd7 37. Kg3 Qd8 38. Qxh5 Rd3+ 39. Kh2 Rd2 40. Qf7+ Kh8 41. Qf3 Rxf2+ 42. Qxf2 Qd7 43. Qf8+ Kh7 44. Qd6 Qf7 45. Qd3+ g6 46. Kg3 Kh6 47. h4 Qf5 48. Qe3+ Kg7 49. Qd4 Kh6 50. a4 Qf1 51. Qd2+ Kg7 52. Qd7+ Qf7 53. Qd8 Qf5 54. Qe7+ Qf7 55. Qxf7+ Kxf7 56. Kf4 Kg8 57. b5 Kf8 58. Kg5 Kg7 59. a5 a6 60. b6 Kh7 61. Kf6 Kh6 62. Kxe6 Kh5 63. Kf6 1-0

[Event "Arab Clubs-chT"]
[Site "Marrakesh"]
[Date "2014.05.30"]
[Round "8"]
[White "Mefleh, Fouad"]
[Black "Gameel, Mohamed"]
[Result "0-1"]
[WhiteElo "2143"]
[BlackElo "2204"]
[PlyCount "78"]
[EventDate "2014.05.24"]
[EventType "team-swiss"]
[EventRounds "9"]
[EventCountry "MAR"]
[SourceTitle "EXT 2018"]
[Source "ChessBase"]
[SourceDate "2017.10.13"]
[SourceVersion "1"]
[SourceVersionDate "2017.10.13"]
[SourceQuality "1"]
[WhiteTeam "Mourawaa"]
[BlackTeam "Shoola"]
[WhiteTeamCountry "YEM"]
[BlackTeamCountry "YEM"]

1. e4 c5 2. Nc3 Nc6 3. g3 g6 4. Bg2 Bg7 5. d3 d6 6. Be3 Bd7 7. Qd2 Rc8 8. Nf3 Nd4 9. Nh4 b5 10. 0-0 b4 11. Nd1 e5 12. f4 Nf6 13. c3 Nc6 14. h3 Nh5 15. Qf2 exf4 16. gxf4 bxc3 17. Nxc3 Nd4 18. f5 0-0 19. Nd5 Be5 20. Nf3 Nxf3+ 21. Qxf3 f6 22. Bh6 Rf7 23. Rf2 Rb8 24. Rb1 Kh8 25. fxg6 hxg6 26. b3 Kh7 27. Be3 f5 28. Rbf1 Qh4 29. Nf4 Ng3 30. Qd1 Nxf1 31. Qxf1 Rbf8 32. Nd5 Kg7 33. exf5 Rxf5 34. Rxf5 Rxf5 35. Qc1 Qg3 36. Bh6+ Kh7 37. Bf4 Bxf4 38. Nxf4 Rxf4 39. Qa3 Rf2 0-1

[Event "Arab Clubs-chT"]
[Site "Marrakesh"]
[Date "2014.05.28"]
[Round "5"]
[White "Elnasri, Mohammed"]
[Black "Gameel, Mohamed"]
[Result "1/2-1/2"]
[WhiteElo "2058"]
[BlackElo "2204"]
[PlyCount "122"]
[EventDate "2014.05.24"]
[EventType "team-swiss"]
[EventRounds "9"]
[EventCountry "MAR"]
[SourceTitle "EXT 2018"]
[Source "ChessBase"]
[SourceDate "2017.10.13"]
[SourceVersion "1"]
[SourceVersionDate "2017.10.13"]
[SourceQuality "1"]
[WhiteTeam "Hilal"]
[BlackTeam "Shoola"]
[WhiteTeamCountry "SUD"]
[BlackTeamCountry "YEM"]

1. d4 Nf6 2. c4 e6 3. Nc3 Bb4 4. Qc2 Nc6 5. e3 0-0 6. Nf3 Re8 7. Be2 d5 8. 0-0 Bf8 9. a3 Na5 10. b3 b6 11. Bb2 Bb7 12. Ne5 dxc4 13. bxc4 c5 14. dxc5 Bxc5 15. Rfd1 Qe7 16. a4 Rac8 17. Rd2 a6 18. Rad1 Rc7 19. h3 Bb4 20. Rd4 Bc5 21. Rh4 h6 22. Ng4 Nxg4 23. Rxg4 f5 24. Nd5 exd5 25. Rxg7+ Qxg7 26. Bxg7 Rxg7 27. cxd5 Bc8 28. Kf1 Kh8 29. Qc3 Re4 30. Qf6 Rxa4 31. Qxh6+ Kg8 32. Qf6 Bd7 33. Qd8+ Kh7 34. g4 Nb7 35. Qh4+ Kg8 36. Qg3 Nd6 37. Qe5 Re4 38. Qf6 fxg4 39. hxg4 Re8 40. Rc1 Rf8 41. Qh6 Ne4 42. f3 Rf6 43. Qh2 Bxe3 44. Rc6 Bxc6 45. dxc6 Bf4 46. Bc4+ Rgf7 47. Qa2 Nd2+ 48. Ke2 Nxc4 49. Qxc4 b5 50. Qd5 Kg7 51. g5 Re7+ 52. Kf2 Rd6 53. Qf5 Be3+ 54. Kg3 Bxg5 55. Qc5 Rg6 56. Kh3 Kg8 57. Qd5+ Kh8 58. Qd8+ Rg8 59. Qd4+ Kh7 60. f4 Rd8 61. Qc5 Bf6 1/2-1/2

[Event "Arab Clubs-chT"]
[Site "Marrakesh"]
[Date "2014.05.24"]
[Round "1"]
[White "Gameel, Mohamed"]
[Black "Sabar, Ethmane Daouda"]
[Result "1-0"]
[WhiteElo "2204"]
[BlackElo "1995"]
[PlyCount "78"]
[EventDate "2014.05.24"]
[EventType "team-swiss"]
[EventRounds "9"]
[EventCountry "MAR"]
[SourceTitle "EXT 2018"]
[Source "ChessBase"]
[SourceDate "2017.10.13"]
[SourceVersion "1"]
[SourceVersionDate "2017.10.13"]
[SourceQuality "1"]
[WhiteTeam "Shoola"]
[BlackTeam "Karama"]
[WhiteTeamCountry "YEM"]
[BlackTeamCountry "MAU"]

1. e4 c5 2. Nf3 Nc6 3. d4 cxd4 4. Nxd4 Nf6 5. Nc3 e5 6. Ndb5 d6 7. Bg5 a6 8. Na3 b5 9. Nd5 Be7 10. Bxf6 Bxf6 11. c3 Bg5 12. Nc2 0-0 13. a4 bxa4 14. Rxa4 a5 15. Bc4 Rb8 16. b3 Kh8 17. h4 Bh6 18. Nce3 Be6 19. Nf5 Bxf5 20. exf5 e4 21. g4 f6 22. Rh3 Re8 23. Kf1 Ne5 24. Be2 Nd7 25. Rd4 Nb6 26. Ne3 Qc7 27. Bb5 Re5 28. c4 Rd8 29. Qd2 Qc5 30. Ba6 Rd7 31. Qc3 Ra7 32. Bb5 Rc7 33. Nc2 e3 34. Qd3 e2+ 35. Ke1 d5 36. Ne3 Bxe3 37. Rxe3 h6 38. Rxe2 Rce7 39. Kf1 Kh7 1-0

[Event "Dubai op 16th"]
[Site "Dubai"]
[Date "2014.04.08"]
[Round "2"]
[White "Cicak, Slavko"]
[Black "Gameel, Mohamed"]
[Result "1/2-1/2"]
[WhiteElo "2507"]
[BlackElo "2216"]
[PlyCount "151"]
[EventDate "2014.04.07"]
[EventType "swiss"]
[EventRounds "9"]
[EventCountry "UAE"]
[SourceTitle "CBM 159 Extra"]
[Source "ChessBase"]
[SourceDate "2014.04.24"]
[SourceVersion "1"]
[SourceVersionDate "2014.04.24"]
[SourceQuality "1"]

1. c4 Nf6 2. Nf3 c6 3. g3 d5 4. Qc2 Bg4 5. Bg2 Nbd7 6. d3 dxc4 7. dxc4 e5 8. 0-0 Be7 9. h3 Bxf3 10. Bxf3 0-0 11. Nc3 Qc7 12. a3 a5 13. Rb1 Rfe8 14. b4 axb4 15. axb4 Nf8 16. Bg2 Ne6 17. e3 Red8 18. c5 Nd5 19. Na4 Ra6 20. Rd1 Rda8 21. Nc3 Nxc3 22. Qxc3 Bf6 23. h4 Qe7 24. Bh3 Ra2 25. Qc4 Ra1 26. Rb3 Rd8 27. Rbd3 Rxd3 28. Rxd3 e4 29. Rd2 g6 30. Kh2 Rb1 31. Ba3 Nf8 32. Bg2 Qe5 33. Bxe4 Re1 34. Bg2 Qa1 35. Qa2 Qc3 36. Rc2 Qd3 37. Bc1 Ne6 38. Qc4 Qxc4 39. Rxc4 Nc7 40. Bh3 Nd5 41. e4 Nc3 42. Bd2 Re2 43. Bxc3 Rxf2+ 44. Bg2 Rc2 45. Bxf6 Rxc4 46. Bd8 Rxb4 47. Bb6 Kf8 48. g4 Rb3 49. g5 Ke7 50. Kg1 f6 51. Kf2 fxg5 52. hxg5 Ke6 53. Bf3 Ke5 54. Kg3 Kd4 55. Kf4 Rb1 56. Bc7 Kxc5 57. e5 Re1 58. Bg4 Kd5 59. e6 b5 60. Bd8 b4 61. Bf6 c5 62. e7 Kd6 63. Bd1 c4 64. Kf3 Rxe7 65. Bxe7+ Kxe7 66. Ke4 Ke6 67. Be2 c3 68. Bc4+ Kd6 69. Bb3 Kc6 70. Kd3 Kd6 71. Kd4 Ke7 72. Ke5 c2 73. Bxc2 Kf7 74. Kd5 Kg7 75. Kc5 h6 76. gxh6+ 1/2-1/2

[Event "IRQ-ch op 2nd"]
[Site "Baghdad"]
[Date "2013.03.10"]
[Round "6"]
[White "Mohammed, Zozek Salah Mohamme"]
[Black "Gameel, Mohamed"]
[Result "0-1"]
[WhiteElo "2249"]
[BlackElo "2217"]
[PlyCount "72"]
[EventDate "2013.03.06"]
[EventType "swiss"]
[EventRounds "9"]
[EventCountry "IRQ"]
[SourceTitle "CBM 153 Extra"]
[Source "ChessBase"]
[SourceDate "2013.04.22"]
[SourceVersion "1"]
[SourceVersionDate "2013.04.22"]
[SourceQuality "1"]

1. d4 Nf6 2. c4 e6 3. Nf3 b6 4. g3 Ba6 5. Qa4 c6 6. Bg2 d5 7. Ne5 Bd6 8. Nc3 Qc7 9. cxd5 b5 10. Qb3 exd5 11. Bf4 b4 12. Na4 Nh5 13. Bd2 Bxe5 14. dxe5 Qxe5 15. 0-0 0-0 16. Bxb4 Re8 17. Rfe1 Nd7 18. e4 Bc4 19. Qd1 Qb8 20. Bc3 Nhf6 21. Qd4 Qb5 22. e5 Ne4 23. Bxe4 dxe4 24. Qxd7 Qxa4 25. b3 Qa3 26. Qxc6 Bd3 27. Qd7 Rad8 28. Qg4 Re6 29. Qg5 Rc8 30. Qd2 Rec6 31. Rac1 h6 32. Kg2 Qc5 33. Kg1 Qd5 34. h3 Qe6 35. Kh2 R8c7 36. Re3 Qc8 0-1

[Event "IRQ-ch op 2nd"]
[Site "Baghdad"]
[Date "2013.03.07"]
[Round "2"]
[White "Gameel, Mohamed"]
[Black "Gagunashvili, Merab"]
[Result "1/2-1/2"]
[WhiteElo "2217"]
[BlackElo "2592"]
[PlyCount "127"]
[EventDate "2013.03.06"]
[EventType "swiss"]
[EventRounds "9"]
[EventCountry "IRQ"]
[SourceTitle "CBM 153 Extra"]
[Source "ChessBase"]
[SourceDate "2013.04.22"]
[SourceVersion "1"]
[SourceVersionDate "2013.04.22"]
[SourceQuality "1"]

1. e4 c5 2. Nf3 e6 3. d3 Nc6 4. g3 d5 5. Nbd2 Nge7 6. Bg2 g6 7. 0-0 Bg7 8. c3 0-0 9. Qc2 e5 10. exd5 Nxd5 11. Re1 Re8 12. a4 h6 13. h3 Bf5 14. Ne4 b6 15. g4 Be6 16. g5 h5 17. Bd2 Qd7 18. Kh2 Rad8 19. Rad1 Qc7 20. Kg1 Re7 21. Bc1 Red7 22. Qe2 Re8 23. Qc2 Qd8 24. Re2 Kh8 25. Rde1 Nf4 26. Bxf4 exf4 27. Qc1 Rxd3 28. Qxf4 Qb8 29. Qh4 Red8 30. Nf6 Rd1 31. Qe4 Rxe1+ 32. Rxe1 Qd6 33. Nh4 Ne7 34. f4 Qd3 35. Qxd3 Rxd3 36. Ne8 Rd7 37. a5 bxa5 38. Ra1 Nd5 39. Bxd5 Bxd5 40. Rxa5 Be6 41. Rxc5 Bxh3 42. Nf3 Re7 43. Nxg7 Kxg7 44. Ne5 Bf5 45. b4 h4 46. b5 f6 47. gxf6+ Kxf6 48. Kf2 Be6 49. Nf3 h3 50. Kg3 Bf5 51. Re5 Rc7 52. Re3 Rc5 53. Nd4 Bd7 54. Rd3 Bxb5 55. Nxb5 Rxb5 56. Kxh3 Kf5 57. Kg3 Rc5 58. Kf3 Rc4 59. Rd5+ Ke6 60. Ra5 Rxc3+ 61. Kg4 Rc7 62. Kg5 Kf7 63. Ra6 Rc5+ 64. Kg4 1/2-1/2

[Event "Arab Games blitz"]
[Site "Doha"]
[Date "2011.12.10"]
[Round "1"]
[White "Gameel, Mohamed"]
[Black "Salem, AR Saleh"]
[Result "0-1"]
[WhiteElo "2211"]
[BlackElo "2511"]
[PlyCount "66"]
[EventDate "2011.12.10"]
[EventType "swiss (blitz)"]
[EventRounds "9"]
[EventCountry "QAT"]
[SourceTitle "CBM 145 Extra"]
[Source "ChessBase"]
[SourceDate "2012.01.03"]
[SourceVersion "1"]
[SourceVersionDate "2012.01.03"]
[SourceQuality "1"]

1. d4 Nf6 2. Nf3 g6 3. g3 Bg7 4. Bg2 0-0 5. 0-0 d5 6. c4 Nc6 7. cxd5 Nxd5 8. Nc3 Nb6 9. d5 Na5 10. e4 c6 11. dxc6 Nxc6 12. Nd5 Be6 13. Ng5 Bxd5 14. exd5 Nb4 15. d6 exd6 16. Bxb7 Rb8 17. Bg2 d5 18. a3 Nc6 19. Rb1 Na5 20. Bf4 Rc8 21. Qd3 Nac4 22. Qb3 Qd7 23. Rfd1 h6 24. Bh3 f5 25. Nf3 g5 26. Be3 g4 27. Bxb6 Nxb6 28. Bg2 gxf3 29. Bxf3 Kh8 30. Bxd5 Nxd5 31. Rxd5 Qf7 32. Qf3 f4 33. Qxf4 Kg8 0-1

[Event "Arab Games blitz"]
[Site "Doha"]
[Date "2011.12.10"]
[Round "2"]
[White "Hemam, Moulaye Brahim"]
[Black "Gameel, Mohamed"]
[Result "0-1"]
[WhiteElo "2018"]
[BlackElo "2211"]
[PlyCount "72"]
[EventDate "2011.12.10"]
[EventType "swiss (blitz)"]
[EventRounds "9"]
[EventCountry "QAT"]
[SourceTitle "CBM 145 Extra"]
[Source "ChessBase"]
[SourceDate "2012.01.03"]
[SourceVersion "1"]
[SourceVersionDate "2012.01.03"]
[SourceQuality "1"]

1. d4 Nf6 2. Nf3 e6 3. g3 b6 4. Bg2 Bb7 5. 0-0 Be7 6. c4 0-0 7. Nc3 d5 8. Ne5 c6 9. e4 dxc4 10. a4 Ba6 11. Re1 Nfd7 12. f4 Nxe5 13. fxe5 Bg5 14. d5 Bxc1 15. Rxc1 Qg5 16. Qd4 c5 17. Qf2 Qxe5 18. Rcd1 Nd7 19. dxe6 fxe6 20. Qd2 Nf6 21. Qd6 Ng4 22. h3 Qxd6 23. Rxd6 Ne5 24. Rxe6 Nd3 25. Re2 Rad8 26. Nd5 Bb7 27. Re7 Rf7 28. Rxf7 Kxf7 29. Ne3 Ba6 30. Rc2 Ne1 31. Rf2+ Ke6 32. Bf1 Rd4 33. b3 Nd3 34. Bxd3 cxd3 35. Rd2 Rxe4 36. Kf2 Rb4 0-1

[Event "Arab Games blitz"]
[Site "Doha"]
[Date "2011.12.10"]
[Round "8"]
[White "Kaabi, Mejdi"]
[Black "Gameel, Mohamed"]
[Result "0-1"]
[WhiteElo "2342"]
[BlackElo "2211"]
[PlyCount "77"]
[EventDate "2011.12.10"]
[EventType "swiss (blitz)"]
[EventRounds "9"]
[EventCountry "QAT"]
[SourceTitle "CBM 145 Extra"]
[Source "ChessBase"]
[SourceDate "2012.01.03"]
[SourceVersion "1"]
[SourceVersionDate "2012.01.03"]
[SourceQuality "1"]

1. d4 Nf6 2. Nf3 e6 3. c4 b6 4. a3 Bb7 5. Nc3 Be7 6. d5 0-0 7. e4 exd5 8. cxd5 d6 9. Bd3 c6 10. dxc6 Nxc6 11. 0-0 Ne5 12. Bc2 Rc8 13. Nd4 Re8 14. Nf5 Bf8 15. Bg5 h6 16. Bh4 Ng6 17. Bxf6 Qxf6 18. Qf3 Ne5 19. Qg3 Nc4 20. Ba4 Re5 21. f4 Rec5 22. b4 R5c7 23. Nb5 Bxe4 24. Nxc7 Qxf5 25. Nb5 d5 26. Rac1 a5 27. Na7 Ra8 28. Nc6 axb4 29. Bb3 bxa3 30. Ra1 Nd2 31. Rfd1 Bc5+ 32. Kh1 Nxb3 33. Qxb3 Qxf4 34. Qh3 b5 35. Qc3 Bd6 36. Qh3 Qf2 37. Nd4 Be5 38. Rf1 Qxd4 39. Rg1 0-1

[Event "Arab Games blitz"]
[Site "Doha"]
[Date "2011.12.10"]
[Round "4"]
[White "Khader, Sami"]
[Black "Gameel, Mohamed"]
[Result "1/2-1/2"]
[WhiteElo "2404"]
[BlackElo "2211"]
[PlyCount "76"]
[EventDate "2011.12.10"]
[EventType "swiss (blitz)"]
[EventRounds "9"]
[EventCountry "QAT"]
[SourceTitle "CBM 145 Extra"]
[Source "ChessBase"]
[SourceDate "2012.01.03"]
[SourceVersion "1"]
[SourceVersionDate "2012.01.03"]
[SourceQuality "1"]

1. d4 Nf6 2. c4 e6 3. Nf3 b6 4. a3 Bb7 5. Nc3 d5 6. cxd5 exd5 7. Bf4 Bd6 8. Bxd6 Qxd6 9. e3 0-0 10. Qc2 c6 11. Bd3 h6 12. g4 Ba6 13. g5 Bxd3 14. Qxd3 hxg5 15. Nxg5 Nbd7 16. 0-0-0 Rfe8 17. h4 Nf8 18. Rdg1 c5 19. Rg2 cxd4 20. Qxd4 Qe5 21. Qd3 Rad8 22. Rhg1 Nh5 23. Nf3 Qf6 24. Nd4 Ne6 25. Nce2 Nc5 26. Qf5 Qxf5 27. Nxf5 g6 28. Nfd4 Re4 29. Rh1 Rc8 30. Kb1 Nd3 31. Nc3 Re5 32. Rd1 Nc5 33. Nf3 Rf5 34. Nd4 Re5 35. Nf3 Rf5 36. Nd4 Re5 37. Nf3 Rf5 38. Nd4 Re5 1/2-1/2

[Event "Asia-chT 16th"]
[Site "Guangzhou"]
[Date "2010.11.21"]
[Round "4"]
[White "Nezad, Husein Aziz"]
[Black "Gameel, Mohamed"]
[Result "1-0"]
[WhiteElo "2402"]
[BlackElo "2217"]
[PlyCount "103"]
[EventDate "2010.11.18"]
[EventType "team-swiss"]
[EventRounds "9"]
[EventCountry "CHN"]
[SourceTitle "CBM 139 Extra"]
[Source "ChessBase"]
[SourceDate "2011.01.05"]
[SourceVersion "1"]
[SourceVersionDate "2011.01.05"]
[SourceQuality "1"]
[WhiteTeam "Qatar"]
[BlackTeam "Yemen"]
[WhiteTeamCountry "QAT"]
[BlackTeamCountry "YEM"]

1. d4 d5 2. c4 c6 3. Nc3 Nf6 4. e3 e6 5. Nf3 Nbd7 6. Qc2 Bd6 7. Bd3 0-0 8. 0-0 dxc4 9. Bxc4 e5 10. h3 h6 11. Rd1 Qc7 12. Bb3 Re8 13. Nh4 Nf8 14. Nf5 e4 15. Nxd6 Qxd6 16. d5 a6 17. dxc6 Qxc6 18. Ba4 b5 19. Nd5 Bb7 20. Qxc6 Bxc6 21. Nxf6+ gxf6 22. Bb3 Rad8 23. Bd2 Bd7 24. Ba5 Rc8 25. Bc3 f5 26. Rd6 Be6 27. Rxa6 Bxb3 28. axb3 Ne6 29. Rd1 Red8 30. Rxd8+ Rxd8 31. Rb6 Rd5 32. f4 exf3 33. gxf3 f4 34. e4 Rg5+ 35. Kh2 Kh7 36. Rb8 Rh5 37. Rh8+ Kg6 38. Rg8+ Kh7 39. Rg4 f5 40. exf5 Rxf5 41. h4 Rd5 42. Kg1 h5 43. Rg2 Rd3 44. Re2 Nf8 45. Re7+ Kg6 46. Rg7+ Kh6 47. Rf7 Ng6 48. Bg7+ Kh7 49. Bf6+ Kg8 50. Rg7+ Kf8 51. Rxg6 Rxb3 52. Bc3 1-0

[Event "Olympiad-39"]
[Site "Khanty-Mansiysk"]
[Date "2010.09.29"]
[Round "8.4"]
[White "Gameel, Mohamed"]
[Black "Ezat, Mohamed Mahmoud"]
[Result "0-1"]
[WhiteElo "2216"]
[BlackElo "2448"]
[PlyCount "86"]
[EventDate "2010.09.21"]
[EventType "team-swiss"]
[EventRounds "11"]
[EventCountry "RUS"]
[SourceTitle "CBM 139"]
[Source "ChessBase"]
[SourceDate "2010.11.18"]
[SourceVersion "1"]
[SourceVersionDate "2010.11.18"]
[SourceQuality "1"]
[WhiteTeam "Yemen"]
[BlackTeam "Egypt"]
[WhiteTeamCountry "YEM"]
[BlackTeamCountry "EGY"]

1. d4 Nf6 2. c4 g6 3. Nc3 Bg7 4. e4 d6 5. g3 0-0 6. Bg2 c5 7. d5 Qa5 8. Nge2 Qb4 9. Qd3 Nbd7 10. f4 b5 11. cxb5 c4 12. Qc2 Nc5 13. 0-0 Nd3 14. h3 a6 15. bxa6 Bxa6 16. Kh2 Nd7 17. Rb1 Nxc1 18. Rfxc1 Nc5 19. Rd1 Rab8 20. Nd4 Bxd4 21. Rxd4 Nd3 22. Ne2 Rfc8 23. b3 Ne1 24. Qd2 Qxd2 25. Rxd2 c3 26. Nxc3 Nxg2 27. Ne2 Ne3 28. Kg1 Nc2 29. Kf2 Bxe2 30. Rxe2 Na3 31. Rd1 Ra8 32. Rd3 Rc1 33. e5 Kf8 34. g4 Rac8 35. f5 dxe5 36. d6 exd6 37. Rxd6 Nb5 38. Rd7 R1c2 39. f6 Rxe2+ 40. Kxe2 Nc3+ 41. Kd3 Nxa2 42. Ke4 Rb8 43. g5 Nc1 0-1

[Event "Olympiad-39"]
[Site "Khanty-Mansiysk"]
[Date "2010.09.27"]
[Round "6.4"]
[White "Bibasa, Bob Gilbert"]
[Black "Gameel, Mohamed"]
[Result "0-1"]
[WhiteElo "2189"]
[BlackElo "2216"]
[PlyCount "86"]
[EventDate "2010.09.21"]
[EventType "team-swiss"]
[EventRounds "11"]
[EventCountry "RUS"]
[SourceTitle "CBM 139"]
[Source "ChessBase"]
[SourceDate "2010.11.18"]
[SourceVersion "1"]
[SourceVersionDate "2010.11.18"]
[SourceQuality "1"]
[WhiteTeam "Uganda"]
[BlackTeam "Yemen"]
[WhiteTeamCountry "UGA"]
[BlackTeamCountry "YEM"]

1. c4 e5 2. Nc3 Nc6 3. g3 f5 4. Bg2 Nf6 5. e3 g6 6. d4 e4 7. f3 exf3 8. Nxf3 d6 9. 0-0 Bg7 10. d5 Ne7 11. Nd4 0-0 12. Nce2 g5 13. Nc3 h6 14. Qd3 Ng4 15. b3 a6 16. Bb2 Qe8 17. Rae1 Qh5 18. h3 Ne5 19. Qd1 Qg6 20. Nf3 g4 21. Nh4 Qg5 22. hxg4 Nxg4 23. Qd2 Be5 24. Rf4 Ng6 25. Nf3 Qh5 26. Nd1 Bd7 27. Nf2 Nxf4 28. exf4 Bxb2 29. Qxb2 Rae8 30. Nxg4 Qxg4 31. Kf2 Rxe1 32. Nxe1 c5 33. Bf3 Qg7 34. Qd2 b5 35. Nc2 bxc4 36. bxc4 Rb8 37. Be2 Rb2 38. a3 Ba4 39. Bd1 Bxc2 40. Bxc2 Qd4+ 41. Ke1 Qg1+ 42. Ke2 Qg2+ 43. Ke1 Rxc2 0-1

[Event "Olympiad-39"]
[Site "Khanty-Mansiysk"]
[Date "2010.09.25"]
[Round "5.4"]
[White "Kvon, Andrey"]
[Black "Gameel, Mohamed"]
[Result "1-0"]
[WhiteElo "2448"]
[BlackElo "2216"]
[PlyCount "117"]
[EventDate "2010.09.21"]
[EventType "team-swiss"]
[EventRounds "11"]
[EventCountry "RUS"]
[SourceTitle "CBM 139"]
[Source "ChessBase"]
[SourceDate "2010.11.18"]
[SourceVersion "1"]
[SourceVersionDate "2010.11.18"]
[SourceQuality "1"]
[WhiteTeam "Uzbekistan"]
[BlackTeam "Yemen"]
[WhiteTeamCountry "UZB"]
[BlackTeamCountry "YEM"]

1. d4 Nf6 2. c4 e6 3. g3 d5 4. Bg2 c6 5. Nf3 Bb4+ 6. Bd2 Bxd2+ 7. Nbxd2 0-0 8. 0-0 Nbd7 9. Qc2 Re8 10. Rad1 e5 11. e4 exd4 12. cxd5 cxd5 13. Nxd4 Qb6 14. Nf5 Qc5 15. Rc1 Qxc2 16. Rxc2 Nb6 17. Nd6 Rd8 18. e5 Ne8 19. Nxe8 Rxe8 20. f4 Bd7 21. Rfc1 f6 22. exf6 gxf6 23. Kf2 Re7 24. Nf3 Bf5 25. Rc7 Rae8 26. Nd4 Be4 27. Bf1 a6 28. b3 Kf7 29. Bh3 Rxc7 30. Rxc7+ Re7 31. Rc3 Na8 32. Bc8 Nb6 33. Bg4 Na8 34. Bh5+ Bg6 35. Bf3 Be4 36. Rc8 Nb6 37. Rh8 Kg7 38. Rb8 Kf7 39. Bh5+ Bg6 40. Bg4 Be4 41. Bf5 Rc7 42. g4 Ke7 43. a4 Bxf5 44. Nxf5+ Ke6 45. Re8+ Kd7 46. Re7+ Kd8 47. Rxc7 Kxc7 48. Ke3 Kd7 49. Kd4 Ke6 50. Ne3 a5 51. h4 Kd6 52. h5 Nd7 53. Nxd5 f5 54. g5 Nc5 55. Nf6 Nxb3+ 56. Kc3 Nc5 57. g6 hxg6 58. h6 Nxa4+ 59. Kc2 1-0

[Event "Olympiad-39"]
[Site "Khanty-Mansiysk"]
[Date "2010.09.23"]
[Round "3.4"]
[White "Gameel, Mohamed"]
[Black "Diamant, Andre"]
[Result "0-1"]
[WhiteElo "2216"]
[BlackElo "2498"]
[PlyCount "112"]
[EventDate "2010.09.21"]
[EventType "team-swiss"]
[EventRounds "11"]
[EventCountry "RUS"]
[SourceTitle "CBM 139"]
[Source "ChessBase"]
[SourceDate "2010.11.18"]
[SourceVersion "1"]
[SourceVersionDate "2010.11.18"]
[SourceQuality "1"]
[WhiteTeam "Yemen"]
[BlackTeam "Brazil"]
[WhiteTeamCountry "YEM"]
[BlackTeamCountry "BRA"]

1. d4 Nf6 2. Nf3 g6 3. g3 Bg7 4. Bg2 0-0 5. c4 d5 6. cxd5 Nxd5 7. 0-0 Nb6 8. Nc3 Nc6 9. e3 Re8 10. Na4 Nxa4 11. Qxa4 e5 12. dxe5 Nxe5 13. Nxe5 Bxe5 14. Rd1 Qe7 15. Bd2 c6 16. Bc3 Bxc3 17. bxc3 Be6 18. Rd2 Red8 19. Rad1 Rxd2 20. Rxd2 Qc5 21. Qb4 Qxb4 22. cxb4 a5 23. b5 cxb5 24. Bxb7 Rb8 25. Bc6 a4 26. Kf1 a3 27. Ke2 Bc4+ 28. Kf3 b4 29. Bd5 b3 30. axb3 a2 31. Bxf7+ Bxf7 32. Rxa2 Rxb3 33. Ra5 Rb2 34. g4 Kg7 35. h4 Rb4 36. Kg3 Kf6 37. f4 h5 38. gxh5 gxh5 39. Ra6+ Be6 40. Kf3 Rb3 41. Kf2 Ke7 42. Ra7+ Kd8 43. Ra5 Bg4 44. Re5 Kd7 45. Kg3 Rb1 46. Kg2 Kd6 47. Re8 Kd5 48. Re5+ Kc4 49. f5 Kd3 50. f6 Rb6 51. f7 Rf6 52. Re7 Bf3+ 53. Kg3 Bd5 54. Re5 Bxf7 55. Kg2 Bg6 56. Kg3 Ke2 0-1

[Event "Arab Clubs-chT 11th"]
[Site "Tunis"]
[Date "2009.12.14"]
[Round "3"]
[White "Gameel, Mohamed"]
[Black "Nassar, Marwan"]
[Result "1-0"]
[WhiteElo "2189"]
[BlackElo "2099"]
[PlyCount "83"]
[EventDate "2009.12.12"]
[EventType "team-swiss"]
[EventRounds "9"]
[EventCountry "TUN"]
[SourceTitle "EXT 2020"]
[Source "ChessBase"]
[SourceDate "2019.10.17"]
[SourceVersion "1"]
[SourceVersionDate "2019.10.17"]
[SourceQuality "1"]
[WhiteTeam "Kamaran Club"]
[BlackTeam "Al Riady Club"]
[WhiteTeamCountry "YEM"]
[BlackTeamCountry "LBN"]

1. e4 d5 2. exd5 Qxd5 3. Nc3 Qd6 4. d4 Nf6 5. Bc4 a6 6. Nge2 b5 7. Bb3 Bb7 8. Bf4 Qb6 9. 0-0 Nbd7 10. a4 b4 11. Nb1 Qc6 12. f3 e6 13. Nd2 Bd6 14. Nc4 a5 15. Nxd6+ cxd6 16. c3 Qb6 17. cxb4 Qxb4 18. Nc3 Ba6 19. Re1 0-0 20. Ra3 Rfc8 21. Qd2 Qb6 22. Be3 d5 23. Bf4 Bc4 24. Bd1 Rc6 25. Nb5 Rac8 26. Be2 Bxb5 27. axb5 Rc2 28. Qd3 R2c4 29. Be3 Ne8 30. Rea1 Nd6 31. Rxa5 Nb8 32. Qa3 Nf5 33. Bxc4 Rxc4 34. Ra8 Nxe3 35. Qxe3 Qxb5 36. Qf4 Rc8 37. R1a7 f6 38. Qg4 Rc1+ 39. Kf2 Rc2+ 40. Kg3 Rxg2+ 41. Kxg2 Qe2+ 42. Kh3 1-0

[Event "Wch U16"]
[Site "Kemer"]
[Date "2009.11.20"]
[Round "9"]
[White "Gameel, Mohamed"]
[Black "Nguyen, Van Hai"]
[Result "0-1"]
[WhiteElo "2189"]
[BlackElo "2283"]
[PlyCount "72"]
[EventDate "2009.11.12"]
[EventType "swiss"]
[EventRounds "11"]
[EventCountry "TUR"]
[SourceTitle "EXT 2010"]
[Source "ChessBase"]
[SourceDate "2010.11.25"]
[SourceVersion "1"]
[SourceVersionDate "2010.11.25"]
[SourceQuality "1"]

1. e4 c5 2. Nf3 e6 3. d4 cxd4 4. Nxd4 a6 5. g3 Qc7 6. Bg2 Nc6 7. 0-0 Nf6 8. Nxc6 dxc6 9. c4 Bc5 10. Nd2 0-0 11. Nb3 Rd8 12. Qc2 Be7 13. c5 e5 14. Bd2 a5 15. h3 a4 16. Nc1 Bxc5 17. Bc3 Be6 18. Nd3 Bd4 19. b3 Qd6 20. Rfd1 axb3 21. axb3 Rxa1 22. Rxa1 h6 23. Bb4 Qd7 24. Nc5 Bxc5 25. Bxc5 Bxh3 26. Bh1 Qd3 27. Qxd3 Rxd3 28. b4 Nd7 29. Be3 Rb3 30. Kh2 Be6 31. Bd2 Rb2 32. Be1 c5 33. bxc5 Nxc5 34. Kg1 Nd3 35. Bg2 Nxe1 36. Rxe1 b5 0-1